000 00415nam a2200145 i 4500
001 72576
003 ES-MaACL
007 t|
008 040901s1920 xxk ||||1| eng d
100 1 _aGleason, Arthur.
_957419
245 1 0 _aWath the workers want
_b: a study of british labor /
_cby Arthur Gleason.
260 _aLondon :
_bGeorge Allen,
_c[1920]
300 _aVIII, 518 p. ;
_c21 cm.
852 _aES-MaACL
_jB-3635
999 _c72576
_d72576